|
|
|
|
| LEADER |
00000nam a2200000 4500 |
| 001 |
vtls012240076 |
| 003 |
SK-MaSNL |
| 005 |
20260301121808.0 |
| 008 |
230925s2009 xo od g 000 0 slo |
| 015 |
|
|
|a SNBA2023/10
|
| 020 |
|
|
|q (brožované)
|
| 040 |
|
|
|a SNK
|b slo
|c SNK
|e rda
|
| 041 |
0 |
|
|a slo
|
| 043 |
|
|
|a e-xo---
|
| 044 |
|
|
|a xo
|c SK
|
| 072 |
|
7 |
|a 069
|x Múzeá. Muzeológia. Múzejníctvo. Výstavy
|2 konspekt
|
| 080 |
|
|
|a 069.02:908
|2 2011
|
| 080 |
|
|
|a 069(091)
|2 2011
|
| 080 |
|
|
|a (082.2)
|2 2011
|
| 080 |
|
|
|a (437.6)
|2 2011
|
| 245 |
0 |
0 |
|a Vlastivedné múzeum Hlohovec
|
| 246 |
3 |
1 |
|a Homeland museum Hlohovec 1959-2009
|
| 264 |
|
1 |
|a Hlohovec
|b Vlastivedné múzeum v Hlohovci
|c [2009]
|
| 300 |
|
|
|a 34 strán
|b fotografie, grafy
|c 21 cm
|
| 336 |
|
|
|a text
|b txt
|2 rdacontent
|
| 336 |
|
|
|a statický obraz
|b sti
|2 rdacontent
|
| 337 |
|
|
|a bez média
|b n
|2 rdamedia
|
| 338 |
|
|
|a zväzok
|b nc
|2 rdacarrier
|
| 500 |
|
|
|a Názov z obálky
|
| 546 |
|
|
|a Súbežný názov v angličtine
|
| 610 |
2 |
7 |
|a Vlastivedné múzeum (Hlohovec, Slovensko)
|2 SNKKA
|9 65576
|
| 648 |
|
7 |
|a 20.-21. storočie
|2 SNKPH
|9 302531
|
| 648 |
|
7 |
|a 1959-2009
|2 SNKPH
|9 325028
|
| 648 |
|
7 |
|a 20th-21st centuries
|2 SNKPHeng
|9 285312
|
| 650 |
0 |
7 |
|a vlastivedné múzeá
|2 SNKPH
|9 82637
|
| 650 |
0 |
7 |
|a dejiny múzeí
|2 SNKPH
|9 117809
|
| 650 |
0 |
7 |
|a National history and geography museums
|2 SNKPHeng
|9 417600
|
| 650 |
0 |
7 |
|a History of museums
|2 SNKPHeng
|9 343426
|
| 651 |
|
7 |
|a Hlohovec (Slovensko)
|2 SNKPH
|9 31468
|
| 651 |
|
7 |
|a Hlohovec (Slovakia)
|2 SNKPHeng
|9 313526
|
| 655 |
|
7 |
|a jubilejné publikácie
|2 SNKPH
|9 70339
|
| 655 |
|
7 |
|a Jubilee books
|2 SNKPHeng
|9 281827
|
| 852 |
|
|
|a Slovenská národná knižnica
|
| 954 |
|
|
|a iná literatúra (príručky, kuchárske knihy, hobby literatúra, sprievodcovia) pôvodná (slovenská)
|2 lita
|
| 999 |
|
|
|c 730651
|d 732581
|
| 952 |
|
|
|a SNK
|b SNK
|y PREZ
|7 0
|p 17A1531555
|o snkOSC 30105
|i snk2023/13722
|8 7
|0 0
|1 0
|4 0
|d 2023-09-25
|l 0
|r 2026-02-23 22:27:47
|w 2026-02-23
|